000 00399nam a2200157Ia 4500
003 0STCL
008 150530s9999 xx 000 0 und d
040 _aSTCL
_cSTCL
100 _aBagchee, K.
245 _aMenace of heartrot fungi to forest trees
260 _bIndian Council of Agricultural Research
_c1959
546 _aEnglish
942 _2ddc
_cBK
999 _c34299
_d34299
005 20220125170326.0